Meter na služby miestnej samosprávy

Recenzia na publikáciu E. Balážovej: Benchmarking služieb miestnej samosprávy na Slovensku. Hodnotenie a meranie efektívnosti výkonu verejných služieb. Rozpracovanie metódy benchmarkingu v podmienkach slovenských samospráv. Návrh jednotlivých indikátorov merania. Rozdelenie publikácie na desať častí...

Descrizione completa

Salvato in:
Dettagli Bibliografici
Autore principale: Žárska, Elena, 1955-
Natura: Capitolo di libro
Lingua:slovacco
Soggetti:
Tags: Aggiungi Tag
Nessun Tag, puoi essere il primo ad aggiungerne!!

MARC

LEADER 00000naa$a2200000$$$4500
001 0054456
005 20240502071628.0
041 0 |a slo 
044 |a SK 
245 1 0 |a Meter na služby miestnej samosprávy  |c Elena Žárska 
520 |a Recenzia na publikáciu E. Balážovej: Benchmarking služieb miestnej samosprávy na Slovensku. Hodnotenie a meranie efektívnosti výkonu verejných služieb. Rozpracovanie metódy benchmarkingu v podmienkach slovenských samospráv. Návrh jednotlivých indikátorov merania. Rozdelenie publikácie na desať častí - charakteristika jednotlivých častí. 
610 2 0 |a recenzie 
610 2 0 |a benchmarking 
610 2 0 |a meranie 
610 2 0 |a služby verejné 
610 2 0 |a samospráva miestna 
610 2 0 |a Slovensko 
100 1 |a Žárska, Elena, 1955-